000
003230000a22001450004500
003
MACL
040
_a
MACL
090
_c
3798
_d
3798
100
_a
Ishaq, Khan M.
245
_a
Kashmir's Transition to Islam
_b
The Role of Muslim Rishis
260
_b
Manohar
_c
1994
350
_a
325
650
_a
Religion
942
_c
BOOK
_k
294
999
_c
3768
_d
3768